| 000 | 01128cam a22003615a 4500 | ||
|---|---|---|---|
| 001 | 14199870 | ||
| 003 | OSt | ||
| 005 | 20140310181645.0 | ||
| 008 | 051214s2006 nyu 000 0 eng | ||
| 010 | _a 2005938679 | ||
| 020 | _a9780380709526 (pbk.) | ||
| 020 | _a038070952X (pbk.) | ||
| 020 | _a9780688221959 (trade bdg.) | ||
| 020 | _a0688221955 (trade bdg.) | ||
| 040 |
_aDLC _cDLC _dDLC |
||
| 042 | _apcc | ||
| 050 |
_aPZ 7 _b.C623 1990 |
||
| 082 |
_aKF _bC58r 1979 |
||
| 100 | 1 |
_aCleary, Beverly. _96061 |
|
| 245 | 1 | 0 |
_aRamona and her mother / _cBeverly Cleary, Tracy Dockray. |
| 250 | _aReillustrated harper trophy ed., 2006 | ||
| 260 |
_aNew York, NY : _bavon books _c2006. |
||
| 263 | _a0603 | ||
| 300 |
_a207 p. : _c19 cm. |
||
| 541 | _j1 | ||
| 562 | _efor circulation. 1copy available in the collection | ||
| 650 |
_aFiction _9746 |
||
| 650 |
_aChildren's Stories. _93210 |
||
| 856 | 4 | 2 |
_3Publisher description _uhttp://www.loc.gov/catdir/enhancements/fy0645/2005938679-d.html |
| 906 |
_a0 _bibc _corignew _d2 _eepcn _f20 _gy-gencatlg |
||
| 942 |
_2lcc _cBK-KF _kKF |
||
| 999 |
_c883 _d883 |
||